1739 1706 1334 1848 1899 1575 1000 1025 1002 1123 1772 1152 1975 1851 1919 1416 1467 1927 1641 1865 1942 1261 1590 1698 1591 1336 1064 1725 1937 1507 1020 1511 1046 1289 1213 1227 1593 1096 1776 1775 1616 1730 1599 1719 1030 1390 1150 1539 1339 1884 1982 1707 1599 1758 1598 1741 1644 1895 1925 1779 1840 1006 1069 1185 1374 1960 1179 1931 1469 1152 1221 1281 1363 1108 1789 1243 1055 1617 1795 1533 1870 1524 1159 1827 1143 1696 1873 1229 1151 1523 1225 1567 1014 1406 1986 1979 1432 1904 1957 BCNSPRNW ULIB Ver.6.0+V

เปลี่ยนเป็นภาษาไทย

Change to English
 แสดงรายละเอียดบรรณานุกรม
  กลับหน้าหลัก

Brief Record : Get Marc (ISO 2709) : E-mail record : QR code < ปิดหน้าต่าง
LEADER : 00000nam 2200000uu 4500
001    13399113628
003     ULIB
008    111201s2550||||th 000 0 tha d
020    ^a9749984633
090    ^aนว.^bจ686ห 2550
100 0  ^aเจ้าหญิงผู้เลอโฉม
245 00 ^aหนุ่มแว่นหน้าใสเกี่ยวหัวใจยัยตัวแสบ 2 /^cเจ้าหญิงผู้เลอโฉม
250    ^aพิมพ์ครั้งที่ 1
260    ^aกรุงเทพฯ :^bแจ่มใส,^c2550
300    ^a176 หน้า
710 1  ^aแจ่มใส
945    ^p139^l0^i14047
995    ^aกัณชพร
999    ^aใช้งานได้ทุกระบบ
รายการนี้ยังไม่มีแท็ก
คุณยังไม่ได้ล็อกอิน คุณสามารถมีกิจกรรมร่วมกับเว็บไซต์ได้ แต่ต้องล็อกอินก่อน ::
  ล็อกอิน

รายการสื่อสารสนเทศ

ลำดับที่ ประเภท เลขเรียก/บาร์โค้ด สถานที่ สถานะ
1. นวนิยาย
นวนิยาย
นว. จ686ห 2550 ฉ.1 
  Barcode: 14047
ห้องสมุดวิทยาเขตสวรรค์ประชารักษ์
►นวนิยาย
บนชั้น
  ขอยืม

รายการใกล้เคียง
    ผู้แต่ง [เจ้าหญิงผู้เลอโฉม]

BibComment


ยังไม่เคยถูกคอมเมนท์

คอมเมนท์ทรัพยากรรายการนี้
  คอมเมนท์: หนุ่มแว่นหน้าใสเ..


 Copyright 2026. Bcnsprnw @Library